| 000 | 01468cam a22003857a 4500 | ||
|---|---|---|---|
| 001 | 2291 | ||
| 003 | FISKH | ||
| 005 | 20231115111506.0 | ||
| 008 | 130221s2012 nyua j 000 1 eng d | ||
| 010 | _a 2012289628 | ||
| 020 | _a9780545459051 | ||
| 020 | _a0545459052 | ||
| 020 | _a9780545387606 | ||
| 020 | _a0545387604 | ||
| 040 |
_aBTCTA _beng _cBTCTA _dBDX _dBKX _dB@L _dUPZ _dJP3 _dIHI _dDLC |
||
| 050 | 0 | 0 |
_aPZ7.S8882 _bDo 2012 |
| 082 | _a424 | ||
| 100 | 1 | _aStoudemire, Amar'e. | |
| 245 | 1 | 0 |
_aDouble team / _cby Amar'e Stoudemire ; illustrated by Tim Jessell. |
| 260 |
_aNew York : _bScholastic, _c2012. |
||
| 300 |
_a140 pages : _billustrations ; _c20 cm |
||
| 490 | 0 |
_aSTAT ; _vBook 2 |
|
| 500 | _a"Standing tall and talented"--Cover. | ||
| 505 | _aN | ||
| 520 | _aEleven-year-old Amar'e Stoudemire starts competing in basketball tournaments with his two best friends, Deuce and Mike, and they are winning. After a few big wins, Amar'e starts getting attention from some of the older, more elite players in Lake Wales. Amar'e wants to elevate his game and the only way to do that is to move on. | ||
| 521 | 8 |
_a560
_bLexile |
|
| 521 | 8 |
_aN
_bRaz-Plus |
|
| 600 | 1 | 0 |
_aStoudemire, Amar'e _vJuvenile fiction. |
| 650 | 0 |
_aFriendship _vJuvenile fiction. |
|
| 650 | 0 | _aBasketball stories. | |
| 655 | 0 | _aBasketball stories. | |
| 700 | 1 |
_aJessell, Tim, _eillustrator |
|
| 906 |
_a7 _bcbc _ccopycat _d2 _encip _f20 _gy-gencatlg |
||
| 942 |
_2ddc _cBK _n0 |
||
| 999 |
_c2291 _d2291 |
||